The Servant leader: (Record no. 5946)

MARC details
000 -LEADER
fixed length control field 00468nam a22001697a 4500
003 - CONTROL NUMBER IDENTIFIER
control field GBCCL
005 - DATE AND TIME OF LATEST TRANSACTION
control field 20241126110553.0
008 - FIXED-LENGTH DATA ELEMENTS--GENERAL INFORMATION
fixed length control field 180418b ||||| |||| 00| 0 eng d
040 ## - CATALOGING SOURCE
Transcribing agency gbc
082 ## - DEWEY DECIMAL CLASSIFICATION NUMBER
Classification number 262.1
Item number NAI
100 ## - MAIN ENTRY--PERSONAL NAME
Personal name Nair, Silas C.
9 (RLIN) 10752
245 ## - TITLE STATEMENT
Title The Servant leader:
Remainder of title An outline study /
Statement of responsibility, etc. Silas C. Nair
260 ## - PUBLICATION, DISTRIBUTION, ETC.
Place of publication, distribution, etc. Bombay:
Name of publisher, distributor, etc. Gospel Literature Service,
Date of publication, distribution, etc. 1991
300 ## - PHYSICAL DESCRIPTION
Extent 61 p.;
Dimensions 18 cm.
650 ## - SUBJECT ADDED ENTRY--TOPICAL TERM
Topical term or geographic name entry element Christian leadership
9 (RLIN) 1568
942 ## - ADDED ENTRY ELEMENTS (KOHA)
Source of classification or shelving scheme Dewey Decimal Classification
Koha item type Books
Koha issues (borrowed), all copies 1
Holdings
Withdrawn status Lost status Source of classification or shelving scheme Damaged status Not for loan Home library Current Library Shelving location Date acquired Total checkouts Full call number Barcode Date last seen Date last checked out Copy number Price effective from Koha item type
    Dewey Decimal Classification     GRACE BIBLE COLLEGE GRACE BIBLE COLLEGE Ministry & Mission 2018-04-18 1 262.1 NAI 003507 2025-05-01 2020-11-17 c.1 2018-04-18 Books
© Grace Bible College Library 2025